Statistics for Won all 4 English Football Divisions

Click here to take the quiz!

General Stats

  • This quiz has been taken 47 times
  • The average score is 3 of 5

Answer Stats

HintAnswer% Correct
3Preston North End
73%
1Wolverhampton Wanderers
68%
2Burnley
58%
4Portsmouth
53%
5Sheffield United
45%

Score Distribution

Percentile by Number Answered

Percent of People with Each Score

Your Score History

You have not taken this quiz